Pokemon der Arenaleiter - Alle Regionen - Statistiken

Allgemein
  • Dieses Quiz wurde 618 mal gespielt
    327 seit der letzten Aktualisierung
  • Das Durchschnittsergebnis liegt bei 148 aus 281
Antwortstatistiken
Hint Antwort % Korrekt
Felizia | Rocko | Veit Kleinstein
99%
Onix
97%
Starmie
92%
Misty Sterndu
89%
| Volkner Raichu
88%
Garados
87%
Major Bob Pikachu
85%
Gengar
84%
Giflor
84%
| PT Magneton
84%
Magnetilo
83%
Simsala
83%
Rizeros
82%
Stahlos
82%
Sabrina Kadabra
79%
Jens Nebulak
79%
Rihorn
79%
Alpollo
78%
Georok
78%
Miltank
78%
Erika Sarzenia
78%
Tauboga
78%
Arkani
77%
Voltobal
77%
Duflor
76%
Magmar
76%
Gallopa
75%
Lektrobal
75%
Nidoking
75%
Jugong
74%
Seedraking
74%
Nidoqueen
73%
Smogmog
73%
Sichlor
72%
Sleimok
72%
Falk Taubsi
72%
Ultrigaria
72%
Elektek
71%
Maschock
71%
Omot
71%
Koga/Janina | Mika Smogon
71%
Pyro Fukano
70%
Kate Goldini
70%
Lucario
70%
Kamillo Machollo
70%
Sandra Dragonir
69%
Enton
69%
Norbert Jurob
69%
Lunastein
69%
Ponita
69%
Golking
67%
Keifel
67%
Letarking
67%
Ben/Svenja Sonnfel
67%
Milotic
66%
Entoron
65%
Quappo
65%
Tangela
65%
Traunmagil
65%
Altaria
64%
Kokowei
63%
Lapras
63%
Norman Muntier
63%
Roserade
63%
Blau Tauboss
63%
Vulnona
63%
Abra
62%
Machomei
62%
Pantimos
62%
Qurtel
62%
Voltenso
62%
Bluzuk
61%
Makuhita
61%
Nasgnet
61%
Giovanni Digdri
60%
Koknodon
60%
Rexblisar
60%
Kai Safcon
60%
Iksbat
59%
Hilda | SM Meditie
59%
Flavia Schneckmag
59%
Camerupt
58%
Golbat
58%
Bianka Piepi
57%
Snobilikat
57%
PT Blitza
56%
Kokuna
56%
Hartwig Rasaff
56%
Wibke Schwalboss
56%
Sodamak
55%
Bojelin
54%
Elevoltek
54%
Feelinara
54%
Vegimak
54%
Ariados
53%
SM Camaub
53%
Frosdedje
53%
Grillmak
53%
Morlord
53%
Citro | Kamilla Emolga
52%
Kabutops
52%
Amoroso
51%
Bollterus
51%
SM Frizelbliz
51%
Lahmus
51%
Magcargo
51%
Maxax
51%
Panzaeron
51%
Wailord
51%
Pelipper
50%
Blubella
49%
Chelast
49%
Luxtra
49%
Psiana
49%
Welsar
49%
Benny | Colin | Maik Yorkleff
49%
Laschoking
48%
Rossana
48%
Zebritz
48%
Stalobor
47%
Sniebel
46%
Tropius
46%
SM Wablu
46%
Kukmarda
45%
Shardrago
45%
Frida Shnebedeck
45%
Aloe Terribark
45%
Lamina Drifzepeli
44%
PT Kinoso
44%
SM Lepumentas
44%
Juan | Wassili Liebiskus
44%
Meditalis
44%
S2/W2 Sandamer
44%
Mogelbaum
43%
Siberio
43%
Guardevoir
42%
Silvana Kikugi
42%
S2/W2 Libelldra
42%
Lilia | Lysander Sharfax
42%
Vivillon
42%
Frigometri
41%
Chevrumm
40%
Geradaks
40%
Matrifol
40%
Seejong
40%
Swaroness
40%
Xatu
40%
Balgoras
39%
Viola Gehweiher
39%
Artie Rollum
39%
Lino Amarino
38%
Elezard
38%
Fasasnob
38%
Saida Kapoera
38%
Cheren Nagelotz
38%
Octillery
38%
SM Pandir
38%
Turner Rokkaiman
38%
Papungha
37%
Psiaugon
37%
Resladero
37%
S2/W2 Waaty
37%
Adam Bronzel
36%
Duraludon
35%
Kamalm
35%
Arktilas
34%
Valerie Flunkifer
34%
Sandro Gelatroppo
34%
Apoquallyp
33%
Barrikadax
33%
PT Zwirrlicht
33%
S2/W2 Folikon
32%
Staraptor
32%
Grusha | Mel Mottineva
31%
Etta Banette
30%
Ambidiffel
29%
Cottomi
29%
Forstellka
29%
Infernopod
29%
Luxio
29%
Yarro Cottini
28%
Connie Lin-Fu
28%
Lithomith
28%
Astrid Symvolara
28%
Pokusan
27%
Roy Brockoloss
26%
Krebutack
26%
Mimigma
26%
Pikuda
26%
Teddiursa
26%
Wampitz
26%
Mebrana
25%
Montecarbo
25%
Riffex
25%
Geraldine Fletiamo
24%
Friedwuff
24%
Kolowal
24%
Krawell
24%
Florges
22%
Humanolith
22%
Benson Karippas
22%
Ronah Micrick
22%
Olini
22%
Sanaconda
22%
Tarundel
22%
Dummimisel
21%
Gorgasonn
21%
Skuntank
21%
Kombu Agiluza
20%
Kubuin
20%
Lauchzelot
20%
Psiopatra
19%
Schligdri
19%
Nezz Irokex
18%
Enigmara Voltrel
18%
Calamanero
17%
Aoki Koalelu
17%
Pottrott
17%
Togekiss
17%
Nio Makabaja
16%
Flampivian
15%
Pandagro
15%
Tulia Farigiraf
10%
Colzo Lilminip
10%
Mac Thanathora
6%
Keine übereinstimmenden Quizze gefunden
Verteilung der Resultate
Anzahl Personen mit jedem Resultat
Perzentil nach korrekt beantworteten Fragen
Ihre Resultats-Entwicklung
Sie haben dieses Quiz seit der letzten Aktualisierung nicht gespielt